00310nam a2200121Ia 45000010005000000080041000050820017000461000015000632450035000782600033001139010027001469990015001733325241024s9999 xx 000 0 und d aRD/920/B742p aJuan Bosch 0aLa política no es un negocio bFundación Juan Boschc2012 a8/10/2013 8:22:50 p.m. c7673d7673